El Bibliobús Montserrat es fa amic dels dracs [Objecte] : i tu, també ets amic dels dracs? i tu, també ets amic dels dracs?
Descripción Física:
1 punt de llibre ; 6 x 23 cm
MARC
| LEADER | 00000nrm a2200000 a 4500 | ||
|---|---|---|---|
| 001 | 23325 | ||
| 008 | 160829s9999 xx 000 0 cat d | ||
| 080 | |a NBM-4-16 | ||
| 245 | |a El Bibliobús Montserrat es fa amic dels dracs [Objecte] : |b i tu, també ets amic dels dracs? | ||
| 260 | |a Barcelona : |b Diputació de Barcelona, [2011] | ||
| 300 | |a 1 punt de llibre ; |c 6 x 23 cm | ||
| 610 | 1 | 0 | |9 52659 |a Bibliobús Montserrat |
| 655 | 0 | |a Punts de llibre |9 52700 | |
| 710 | 1 | |a Barcelona (Catalunya : Província). |b Gerència de Serveis de Biblioteques |9 52661 | |
| 901 | |a Arxiu | ||
| 942 | |n 1 |2 udc | ||
| 952 | |0 0 |1 0 |4 0 |6 NBM416 |7 1 |9 54765 |a Arxiu |b Arxiu |d 2011-11-15 |l 0 |o NBM-4-16 |p 23325 |r 2016-12-01 00:00:00 |w 2016-12-01 |y ARXIU | ||
| 999 | |c 58634 |d 58634 | ||